| 000 | 00633nam a22001457a 4500 | ||
|---|---|---|---|
| 020 | _a978-93-5036-299-0 | ||
| 082 |
_a823 _bDOY/H |
||
| 100 | _aDOYLE, ARTHUR CONAN | ||
| 245 | _aTHE HOUND OF THE BASKERVILLES | ||
| 260 |
_aDELHI _bRATNA SAGAR _c2013 |
||
| 300 | _a271 | ||
| 520 | _aOriginally serialised in The Strand Magazine from August 1901 to April 1902, it is set in 1889 largely on Dartmoor in Devon in England's West Country and tells the story of an attempted murder inspired by the legend of a fearsome, diabolical hound of supernatural origin. Holmes and Watson investigate the case. | ||
| 650 |
_aNOVEL _zINDIA |
||
| 942 | _cBK | ||
| 999 |
_c3027 _d3027 |
||